Handball EM 2026 - Alle Teams - Statistiken

Allgemein
  • Dieses Quiz wurde 248 mal gespielt
  • Das Durchschnittsergebnis liegt bei 17 aus 24
Antwortstatistiken
Gruppe Nation % Korrekt
Gr B Dänemark
98%
Gr A Deutschland
98%
Gr A Spanien
95%
Gr C Frankreich
94%
Gr E Schweden
92%
Gr C Norwegen
90%
Gr A Österreich
90%
Gr B Portugal
90%
Gr D Schweiz
90%
Gr E Kroatien
83%
Gr A Serbien
82%
Gr F Island
79%
Gr F Italien
78%
Gr F Polen
75%
Gr D Slowenien
72%
Gr E Niederlande
68%
Gr C Tschechien
63%
Gr F Ungarn
61%
Gr B Rumänien
51%
Gr D Montenegro
41%
Gr B Nordmazedonien
39%
Gr C Ukraine
38%
Gr D Färöer-Inseln
25%
Gr E Georgien
13%
Keine übereinstimmenden Quizze gefunden
Verteilung der Resultate
Anzahl Personen mit jedem Resultat
Perzentil nach korrekt beantworteten Fragen
Ihre Resultats-Entwicklung
Sie haben dieses Quiz noch nicht gespielt